• 首页
  • 本馆介绍
  • 公告通知
  • 最新文献
  • 馆藏检索
  • 电子资源
  • 读者导购
  • 参考咨询
  • 我的图书馆
  • 登录
  • 详细信息显示
  • 放入我的书架
  • 预约/预借图书
  • 作者相关作品
  • 分类相关作品
  • 丛书相关作品
  • 出版社相关作品

书目信息

  • 表格格式
  • 工作单格式
  • 卡片格式
题名:
照明设计
    
 
作者: 黄艳 编著
分册:  
出版信息: 北京   中国青年出版社  2011.10
页数: 171页
开本: 25cm
丛书名:
单 册:
中图分类: TU113.6
科图分类:
主题词: 建筑--照明设计--高等教育--教材
电子资源:
ISBN: 978-7-5153-0224-9
000 00968nam0 2200277 450
001 0400003626
005 20171026093306.07
010    @a978-7-5153-0224-9@dCNY49.80
100    @a20171022e20162011em y0chiy ea
101 0  @achi
102    @aCN@b110000
105    @ay z 000yy
106    @ar
200 1  @a照明设计@9zhao ming she ji@d= Lighting design@f黄艳 ... [等]编著@zeng
205    @a第2版
210    @a北京@c中国青年出版社@d2011.10@h2016.7
215    @a171页@c图@d25cm
300    @a中青新世纪高等院校环境艺术设计教材 普通高等教育精品教材 普通高等教育“十一五”国家级规划教材
304    @a编著者还有:吴爱莉、欧俊锋、曾颖
330    @a本书内容包括:环境艺术照明设计基础、光源与灯具、环境艺术照明的要求、艺术照明的方式与方法等8章。
510 1  @aLighting design@zeng
606 0  @a建筑@x照明设计@x高等教育@j教材
690    @aTU113.6@v5
701  0 @a黄艳@9huang yan@4编著
801  0 @aCN@b91MARC@c20171022
905    @b1033876-80@dTU113.6@f5@e1186=2
    
    照明设计= Lighting design/黄艳 ... [等]编著.-第2版.-北京:中国青年出版社,2011.10(2016.7)
    171页:图;25cm
    中青新世纪高等院校环境艺术设计教材 普通高等教育精品教材 普通高等教育“十一五”国家级规划教材
    
    ISBN 978-7-5153-0224-9:CNY49.80
    本书内容包括:环境艺术照明设计基础、光源与灯具、环境艺术照明的要求、艺术照明的方式与方法等8章。
●
相关链接 在E读中查询图书 在五车中查询图书 在当当中查询图书 在豆瓣中查询图书


正题名:照明设计     索取号:TU113.6/1186=2         预约/预借

序号 登录号 条形码 馆藏地/架位号 状态 备注
1 1033876   210338767   第二样本阅览室/ [索取号:TU113.6/1186=2] 在馆    
2 1033877   210338776   密集书库-生命科学系/ [索取号:TU113.6/1186=2] 在馆    
3 1033878   210338785   第三借阅区/ [索取号:TU113.6/1186=2] 在馆    
4 1033879   210338794   第三借阅区/ [索取号:TU113.6/1186=2] 在馆    
5 1033880   210338801   第三借阅区/ [索取号:TU113.6/1186=2] 在馆    
唐山师范学院图书馆 欢迎您!
大连网信软件有限公司© 版权所有